00739nam a2200217Ia 450000500170000000800410001702000170005804100080007508200150008310000190009824500500011726000430016730000090021050000290021950000400024865000360028870000190032494200070034399900170035095201540036720251118154443.0230125s9999 xx 000 0 und d a0333 93164 5 aeng a158.1bWIT aWitz M9215072 aStand up and talk to 1000 people and enjoy it c1998bMacmillan publicationaNew Delhi a201p aPersonality development, aPersonality Improvement;Personality aPersonality Development9213420 aWitz M9215072 cBK c89846d89846 00104070aHIMRbHIMRd1998-11-08eEverest publisherg175.00l0o158.1 WIT B01350pHIMR-BK-1350r2023-01-25 00:00:00v175.00w1998-08-11yBKzB01350